000
00229 a2200097 4500
001
46141
100
_a
Keeton G W
245
_a
The Year book of world affairs 1978
260
_a
London
_b
Stevens & Sons
_c
090
_c
29244
_d
29244
942
_a
NUST-CAE
_c
M
_c
21385
999
_c
281214
_d
281214